| 000 | 003470000a22001570004500 | ||
|---|---|---|---|
| 001 | 003759 | ||
| 003 | MACL | ||
| 040 | _aMACL | ||
| 090 |
_c15752 _d15751 |
||
| 100 | _aChatterjee, Jayabrato | ||
| 245 |
_aKolkata _bThe Dream City _cJayabrato Chatterjee |
||
| 260 |
_aUBSPD, _c2006 |
||
| 350 | _a395 | ||
| 650 | _aSocial Science | ||
| 942 |
_k307 _cBook |
||
| 999 |
_c15653 _d15653 |
||